000
00365nam a2200145Ia 4500
008
100122s9999 xx 000 0 und d
082
_b
11424
_a
50
245
_a
महानगर
300
_a
42
520
_a
दिवाळी - 2003
620
_a
दिवाळी - 2003
630
_a
महानगर
730
_a
महानगर
942
_c
BOOK
999
_c
384943
_d
384940